| 000 | 00844 a2200241 4500 | ||
|---|---|---|---|
| 020 | _a0444530010 | ||
| 020 | _a9780444530011 | ||
| 082 | _a530.01 | ||
| 090 |
_c603 _d603 |
||
| 100 | _aButterfield, Jeremy. | ||
| 245 | 1 | 0 |
_aPhilosophy of physics, volume part a / _cJeremy Butterfield, John Earman, Dov M. Gabbay, John Woods, Paul Thagard. |
| 260 |
_a[S.l.] : _bNorth Holland, _c2007 |
||
| 300 |
_a966 p. ; _c25 cm. |
||
| 490 | 1 | _aHandbook of the philosophy of science. | |
| 700 | 1 | _aButterfield, Jeremy. | |
| 700 | 1 | _aEarman, John. | |
| 700 | 1 | _aGabbay, Dov M. | |
| 700 | 1 | _aWoods, John. | |
| 700 | 1 | _aThagard, Paul. | |
| 830 | 0 | _aHandbook of the philosophy of science. | |
| 942 |
_aSNS _cBK _k530.01 BUT |
||
| 999 |
_c29233 _d29233 |
||